Προσφορά προς τους εκλιπόντας γεωπόνους
Αποθηκεύτηκε σε:
| Συγγραφή απο Οργανισμό/Αρχή: | |
|---|---|
| Μορφή: | Βιβλίο |
| Γλώσσα: | Greek |
| Δημοσίευση: |
Θεσσαλονίκη :
[χ.ό.],
1957
|
| Θέματα: | |
| Ετικέτες: |
Προσθήκη ετικέτας
Δεν υπάρχουν, Καταχωρήστε ετικέτα πρώτοι!
|
MARC
| LEADER | 00000cam a2200000 i 4500 | ||
|---|---|---|---|
| 001 | 1/93117 | ||
| 008 | 080903s1957 gre d | ||
| 035 | |l 10099877 | ||
| 040 | |a GR-MY-UA |b gre |e aacr | ||
| 041 | 0 | |a gre | |
| 082 | 0 | |a 630.92 |2 (22) | |
| 110 | 2 | |a Γεωπονικός Σύλλογος Μακεδονίας - Θράκης. | |
| 245 | 1 | 0 | |a Προσφορά προς τους εκλιπόντας γεωπόνους / |c Γεωπονικός Σύλλογος Μακεδονίας - Θράκης |
| 260 | |a Θεσσαλονίκη : |b [χ.ό.], |c 1957 | ||
| 300 | |a 162 σ.; |c 28 εκ. | ||
| 650 | 0 | 0 | |a Agriculturists |z Greece |x Biography. |
| 852 | |a INST |b RHODES |c AKA |e 20080903 |h 630.92 ΓΕΩ |p 005400027404 |q 005400027404 |t BK |y 0 | ||
| 901 | |a BIBL4-2008-3 | ||
| 909 | |a Ρ |b 152842 | ||
| 970 | |a ΚΟΖΑ |b ΜΑΡΙΑ |z 2008/09/03 | ||